000 00919nam a2200229Ia 4500
001 L010-14340
003 IT-CnALBA
008 170116s9999||||xx |||||||||||||| ||und||
040 _aIT-CnALBA
_cIT-CnALBA
041 _aITALIANO
100 _aTARONI NATALE
245 0 _aALMANACCO DELLE FAMIGLIE. UTILE. ISTRUTTIVO. DILETTEVOLE.
250 _a1a ed.
260 _aMILANO
_bSONZOGNO EDOARDO, EDITORE.
_c1934 [1° Ed.: n.d.]
300 _a256 p.
500 _aCALENDARIO CIVILE ITALIANO. CHIESA CATTOLICA. FAMIGLIA REALE. GOVERNO. PRESIDENTI. SENATO. CAMERA DEPURATI. ETC...
501 _aSocietà San Paolo EM - Piazza San Paolo, 14 - 12051 ALBA (CN) (non commercial uses only) ® Copyright 2017
520 _aCALENDARIO CIVILE ITALIANO. CHIESA CATTOLICA. FAMIGLIA REALE. GOVERNO. PRESIDENTI. SENATO. CAMERA DEPURATI. ETC...
650 _aBIBLIOGRAFIE E CATALOGHI
942 _cBK
957 _71
999 _a19092
_bSI
_g Copie: 1
_c273514
_d273514